Successful use of expert witnesses in civil disputes (Record no. 101706)
[ view plain ]
| 000 -LEADER | |
|---|---|
| fixed length control field | 01286cam a2200217 4500 |
| 001 - CONTROL NUMBER | |
| control field | ##L115114 |
| 008 - FIXED-LENGTH DATA ELEMENTS--GENERAL INFORMATION | |
| fixed length control field | 011015n2003 000 0 eng u |
| 020 ## - INTERNATIONAL STANDARD BOOK NUMBER | |
| International Standard Book Number | 0721914500 |
| 035 ## - SYSTEM CONTROL NUMBER | |
| System control number | (Sirsi) u115114 |
| 041 0# - LANGUAGE CODE | |
| Language code of text/sound track or separate title | eng |
| 050 04 - LIBRARY OF CONGRESS CALL NUMBER | |
| Classification number | 347.4107 $2 18 |
| 100 1# - MAIN ENTRY--PERSONAL NAME | |
| Personal name | Burn, Suzanne |
| 245 00 - TITLE STATEMENT | |
| Title | Successful use of expert witnesses in civil disputes |
| 260 ## - PUBLICATION, DISTRIBUTION, ETC. | |
| Place of publication, distribution, etc. | Crayford |
| Name of publisher, distributor, etc. | Shaw's |
| Date of publication, distribution, etc. | 2003 |
| 300 ## - PHYSICAL DESCRIPTION | |
| Extent | xxxv, 341p. |
| Dimensions | 22cm. |
| 505 2# - FORMATTED CONTENTS NOTE | |
| Formatted contents note | What is expert evidence and when is it necessary? -- The CPR and experts: what changed? -- The changing role for experts in the post CPR climate -- Selecting the right expert -- Instructing the expert -- Experts' fees -- Pre-action and the expert -- Experts' reports -- Single Joint Experts (SJEs) -- Working with experts during litigation -- Questions on reports and experts' discussions -- Experts at trial -- Problems with expert witnesses and some solutions -- The expert's perspective |
| 520 ## - SUMMARY, ETC. | |
| Summary, etc. | A guide to such topics as the role of the expert, expert's reports and meetings, the use of the single joint expert and experts at trial following the Woolf Reforms. |
| 690 ## - LOCAL SUBJECT ADDED ENTRY--TOPICAL TERM (OCLC, RLIN) | |
| Topical term or geographic name as entry element | MANAGEMENT-DISPUTE AVOIDANCE, MANAGEMENT AND RESOLUTION-DISPUTE MANAGEMENT AND RESOLUTION-EXPERT WITNESSES |
| 710 02 - ADDED ENTRY--CORPORATE NAME | |
| Corporate name or jurisdiction name as entry element | Bond Solon Training |
| 9 (RLIN) | 4795 |
| 942 ## - ADDED ENTRY ELEMENTS (KOHA) | |
| Suppress in OPAC | 0 |
| Withdrawn status | Lost status | Source of classification or shelving scheme | Damaged status | Not for loan | Home library | Current library | Shelving location | Date acquired | Cost, normal purchase price | Total Checkouts | Full call number | Barcode | Date last seen | Date last checked out | Copy number | Cost, replacement price | Price effective from | Koha item type |
|---|---|---|---|---|---|---|---|---|---|---|---|---|---|---|---|---|---|---|
| Dewey Decimal Classification | London | London | Books | 02/12/2005 | 29.50 | 6 | 347.4107 BUR | 30071403 | 06/08/2019 | 20/03/2008 | 1 | 29.50 | 06/08/2019 | Book |